| 000 | 00556nam a2200121Ia 4500 | ||
|---|---|---|---|
| 008 | 220616s9999||||xx |||||||||||||| ||und|| | ||
| 100 | _aGonzález, Carmen Pérez | ||
| 245 | 0 |
_aLocal Portraiture _bThrough the Lens of the 19th Century Iranian Photographers |
|
| 546 | _aEnglish[eng] | ||
| 650 | _aHistory||Photography||Albumen print||Iran||Persian language||Qajar dynasty||Western culture | ||
| 856 | _uhttps://library.oapen.org/bitstream/20.500.12657/45658/3/625756.pdf||https://library.oapen.org/bitstream/20.500.12657/31705/3/625756.pdf | ||
| 942 | _cEB | ||
| 999 |
_c20567 _d20567 |
||